ကိုးထပ်ကြီးဘုရားမှ အစပြုရသော ကြီးကိုးကြီး အဓိဋ္ဌာန်ကျောက်တုံး ဖြစ်ရပ်မှန်များ / (Record no. 15289)

000 -LEADER
fixed length control field 00932nam a2200205Ia 4500
003 - CONTROL NUMBER IDENTIFIER
control field OSt
005 - DATE AND TIME OF LATEST TRANSACTION
control field 20250217143039.0
007 - PHYSICAL DESCRIPTION FIXED FIELD--GENERAL INFORMATION
fixed length control field ca aa aaaaa
008 - FIXED-LENGTH DATA ELEMENTS--GENERAL INFORMATION
fixed length control field 201103s9999 xx 000 0 und d
040 ## - CATALOGING SOURCE
Transcribing agency SSBUL
041 ## - LANGUAGE CODE
Language code of text/sound track or separate title bur
082 ## - DEWEY DECIMAL CLASSIFICATION NUMBER
Classification number ၂၉၄.၃၄၃၅၀၉
Item number နန်း
100 ## - MAIN ENTRY--PERSONAL NAME
Personal name နန်း ၊ ကို ၊ သုတေသီ -
9 (RLIN) 16395
245 10 - TITLE STATEMENT
Title ကိုးထပ်ကြီးဘုရားမှ အစပြုရသော ကြီးကိုးကြီး အဓိဋ္ဌာန်ကျောက်တုံး ဖြစ်ရပ်မှန်များ /
Statement of responsibility, etc. သုတေသီကိုနန်း။
260 ## - PUBLICATION, DISTRIBUTION, ETC.
Place of publication, distribution, etc. ရန်ကုန် ၊
Name of publisher, distributor, etc. ကမ္ဘာလုံးစာပေ၊
Date of publication, distribution, etc. ၁၉၉၆။
300 ## - PHYSICAL DESCRIPTION
Extent ၁၀၄ စာမျက်နှာ ၊
Other physical details ဓါတ်ပုံများ ၊
Dimensions ၁၇ စင်တီ။
942 ## - ADDED ENTRY ELEMENTS (KOHA)
Koha item type Book (Short term)
Source of classification or shelving scheme
Source of classification or shelving scheme
Source of classification or shelving scheme
Holdings
Withdrawn status Lost status Source of classification or shelving scheme Damaged status Not for loan Collection code Permanent Location Current Location Shelving location Date acquired Total Checkouts Full call number Barcode Date last seen Price effective from Koha item type Accession
          Myanmar Collection Shan State Buddhist University Library Shan State Buddhist University Library Myanmar Shelves 15/02/2023   ၂၉၄.၃၄၃၅၀၉ နန်း ၇၁၆၉ MB00007169 15/02/2023 15/02/2023 Books (Long term) ၇၁၆၉

Library - 09407999929
Admin Office - 09407999979
Dean Office - 09250910768
Registrar Office - 09892297154
Email - [email protected]
Shan State Buddhist University, Phaya Phyu Taunggyi, Shan State, Myanmar.